000 01008nam a2200241 u 4500
001 000025785
005 20200930024040.0
008 110222s1974 mx a r 000 0 spa d
040 _aDO-SdBNP
_bspa
_cBNPHU
041 1 7 _aspa
_heng
_2Código de idiomas MARC
082 _ann*
_bnn*
100 1 _aRogers, Everett M.
_952588
240 1 0 _aCommunication of innovations.
_lEspañol
245 1 3 _aLa comunicación de innovaciones :
_bun enfoque transcultural /
_cEverett M. Rogers y F. Floyd Shoemaker ; traducción de Ricardo Vinós Cruz-López.
260 _aMéxico, D. F. :
_bCentro Regional de Ayuda Técnica ;
_bHerrero Hermanos, Sucesores,
_c1974.
300 _a385 p. :
_bil. ;
_c23 cm.
534 _aTítulo de la obra en inglés :
_tCommunication of innovations
500 _aIncluye referencias bibliográficas y notas al pie de las páginas.
500 _aIncluye índice analítico.
700 1 _aShoemaker, F. Floyd.
_952589
700 1 _aVinós Cruz-López, Ricardo,
_etr.
_952590
049 _aBNGR
999 _c25277
_d25277